[Event "EU-ch U16 rapid"]
[Site "Terme Catez"]
[Date "2023.09.28"]
[Round "3"]
[White "Mikko, Rondo"]
[Black "Kovalchuk, Victor"]
[Result "1-0"]
[WhiteElo "2154"]
[BlackElo "1826"]
[PlyCount "105"]
[EventDate "2023.09.28"]
[EventType "swiss (rapid)"]
[EventRounds "9"]
[EventCountry "SLO"]
[SourceTitle "EXT 2024"]
[Source "ChessBase"]
[SourceDate "2023.10.10"]
[SourceVersion "1"]
[SourceVersionDate "2023.10.10"]
[SourceQuality "1"]

1. e4 c5 2. Nc3 e6 3. g3 d5 4. d3 d4 5. Nce2 f5 6. Bg2 Nf6 7. exf5 exf5 8. Nf3 Bd6 9. 0-0 0-0 10. b4 Nc6 11. b5 Ne7 12. c4 dxc3 13. Qb3+ Kh8 14. Nxc3 h6 15. Rd1 f4 16. d4 Qc7 17. dxc5 Qxc5 18. Rxd6 Qxd6 19. Ba3 Qc7 20. Re1 Nfg8 21. Nd5 Nxd5 22. Bxf8 Ndf6 23. Ba3 Bf5 24. Rc1 Qd7 25. Ne5 Qd4 26. Bb2 Qb6 27. gxf4 Kh7 28. a4 Rd8 29. Rd1 Rc8 30. Qb4 Rc2 31. Bd4 Qd8 32. Qe1 Qb8 33. Rc1 Ra2 34. Ra1 Rc2 35. a5 Ne7 36. a6 b6 37. Rc1 Qc7 38. Rxc2 Qxc2 39. Nc6 Nxc6 40. Bxf6 Na5 41. Be5 Qc4 42. Qf1 Bd3 43. Qe1 Qxb5 44. Be4+ Kg8 45. Bb7 Qd7 46. Bf3 Bxa6 47. Bc3 Nb3 48. Qe5 Bc4 49. f5 Qf7 50. Qg3 Kh8 51. Bh5 Qf8 52. f6 gxf6 53. Qg6 1-0

[Event "EU-ch Rapid"]
[Site "Katowice"]
[Date "2022.12.17"]
[Round "1"]
[White "Kovalchuk, Victor"]
[Black "Dvirnyy, Danyyil"]
[Result "0-1"]
[WhiteElo "1602"]
[BlackElo "2530"]
[PlyCount "60"]
[EventDate "2022.12.17"]
[EventType "swiss (rapid)"]
[EventRounds "11"]
[EventCountry "POL"]
[SourceTitle "CBM 211 Extra"]
[Source "ChessBase"]
[SourceDate "2023.01.31"]
[SourceVersion "1"]
[SourceVersionDate "2023.01.31"]
[SourceQuality "1"]

1. e4 e5 2. Nf3 Nc6 3. Bc4 Bc5 4. 0-0 Nf6 5. d3 d6 6. c3 a5 7. Bb3 0-0 8. Bg5 h6 9. Bh4 g5 10. Bg3 Bg4 11. Nbd2 Nh5 12. Kh1 Kg7 13. h3 Nxg3+ 14. fxg3 Bd7 15. Qe2 a4 16. Bc2 b5 17. a3 Bb6 18. g4 Ne7 19. d4 Ng6 20. dxe5 dxe5 21. Rad1 Qe7 22. Ne1 Nf4 23. Qf3 h5 24. gxh5 g4 25. Qg3 Nxh5 26. Qd3 Rh8 27. Ndf3 Ng3+ 28. Kh2 Nxf1+ 29. Qxf1 gxf3 30. Nxf3 Rag8 0-1

[Event "EU-ch Blitz"]
[Site "Katowice"]
[Date "2022.12.16"]
[Round "1"]
[White "Kovalchuk, Victor"]
[Black "Livaic, Leon"]
[Result "0-1"]
[WhiteElo "1602"]
[BlackElo "2572"]
[PlyCount "80"]
[EventDate "2022.12.16"]
[EventType "swiss (blitz)"]
[EventRounds "22"]
[EventCountry "POL"]
[SourceTitle "CBM 211 Extra"]
[Source "ChessBase"]
[SourceDate "2023.01.31"]
[SourceVersion "1"]
[SourceVersionDate "2023.01.31"]
[SourceQuality "1"]

1. e4 c5 2. Nf3 e6 3. d4 cxd4 4. Nxd4 a6 5. c4 Nf6 6. Nc3 Qc7 7. Be2 b6 8. 0-0 Bb7 9. f3 Be7 10. Be3 d6 11. Qd2 Nbd7 12. Rac1 0-0 13. Rfd1 Rfe8 14. Qe1 Rac8 15. Qg3 Ne5 16. b3 h5 17. h3 h4 18. Qf2 Nh5 19. f4 Ng3 20. fxe5 dxe5 21. Nf3 b5 22. cxb5 Ba3 23. bxa6 Bxc1 24. Rxc1 Ba8 25. Nxh4 Nxe2+ 26. Nxe2 Qa5 27. a7 Qxa2 28. b4 Bxe4 29. Nc3 Qxf2+ 30. Kxf2 Ba8 31. Nf3 f6 32. Nd2 f5 33. Nb3 Rc4 34. b5 f4 35. Bb6 e4 36. Na5 e3+ 37. Ke2 Rb4 38. Bc5 Rb2+ 39. Kd3 Rc8 40. Bd4 Rd2# 0-1

[Event "Eljanov Memorial 6th"]
[Site "Chess.com INT"]
[Date "2020.10.29"]
[Round "4"]
[White "Grineva, Marianna"]
[Black "Kovalchuk, Victor"]
[Result "1-0"]
[WhiteElo "2001"]
[BlackElo "1583"]
[PlyCount "55"]
[EventDate "2020.10.29"]
[EventType "swiss (blitz)"]
[EventRounds "9"]
[EventCountry "UKR"]
[SourceTitle "CBM 199 Extra"]
[Source "ChessBase"]
[SourceDate "2021.01.31"]
[SourceVersion "1"]
[SourceVersionDate "2021.01.31"]
[SourceQuality "1"]

1. e4 c5 2. Nf3 e6 3. d4 cxd4 4. Nxd4 Nf6 5. Nc3 Nc6 6. Nxc6 bxc6 7. e5 Nd5 8. Ne4 f5 9. exf6 Nxf6 10. Nd6+ Bxd6 11. Qxd6 Qa5+ 12. Bd2 Qd5 13. Bb4 Qe4+ 14. Be2 Nd5 15. Bc5 Qxg2 16. Rf1 Qe4 17. c4 Ba6 18. b3 Rd8 19. Rd1 Kf7 20. Rg1 Rhe8 21. Qg3 g6 22. Rd4 Qb1+ 23. Bd1 Nc3 24. Qxc3 e5 25. Rd6 Qe4+ 26. Qe3 Qf5 27. Rg3 Kg7 28. Rf3 1-0